ENVIROMENT (Record no. 217069)

MARC details
000 -LEADER
fixed length control field 00480nam a22001817a 4500
008 - FIXED-LENGTH DATA ELEMENTS--GENERAL INFORMATION
fixed length control field 260429b |||||||| |||| 00| 0 eng d
020 ## - INTERNATIONAL STANDARD BOOK NUMBER
International Standard Book Number 978-1-292-06331-7
050 ## - LIBRARY OF CONGRESS CALL NUMBER
Classification number GE 105. W58 2015
100 ## - MAIN ENTRY--PERSONAL NAME
Personal name WITHGOTT JAY
245 ## - TITLE STATEMENT
Title ENVIROMENT
Remainder of title THE SCIENCE BEHIND THE STORIES
250 ## - EDITION STATEMENT
Edition statement 5th
260 ## - PUBLICATION, DISTRIBUTION, ETC.
Place of publication, distribution, etc. NEWYORK
Name of publisher, distributor, etc. PEARSON PUBLISHERS
Date of publication, distribution, etc. 2015
300 ## - PHYSICAL DESCRIPTION
Extent X,692
650 ## - SUBJECT ADDED ENTRY
Topical term or geographic name entry element Enviromental science
700 ## - ADDED ENTRY--PERSONAL NAME
Personal name laposata matthew
942 ## - ADDED ENTRY ELEMENTS (KOHA)
Source of classification or shelving scheme Library of Congress Classification
Koha item type Long Loan Book
Holdings
Withdrawn status Lost status Source of classification or shelving scheme Damaged status Not for loan Collection Home library Current library Shelving location Date acquired Inventory number Total checkouts Full call number Barcode Date last seen Copy number Price effective from Koha item type
    Library of Congress Classification     Arts & Social Sciences Kisii University Library Kisii University Library On Display 04/29/2026 113249   GE 105. W58 2015 A001323 04/29/2026 C.1 04/29/2026 Long Loan Book